000
00291nam a22001337a 4500
008
170303b xxu||||| |||| 00| 0 eng d
020
_a
9780683305173
041
_a
eng
080
_a
616.073
100
_a
6
101
_a
SHM
245
_a
CLINICAL RADIOLOGY
_c
DAFFNER, R.H
942
_2
udc
_c
BK
999
_c
6688
_d
6688